| 000 -LEADER |
| fixed length control field |
00378nam a2200133Ia 4500 |
| 008 - FIXED-LENGTH DATA ELEMENTS--GENERAL INFORMATION |
| fixed length control field |
230413s9999||||xx |||||||||||||| ||und|| |
| 020 ## - INTERNATIONAL STANDARD BOOK NUMBER |
| International Standard Book Number |
9788184004267 |
| 082 ## - DEWEY DECIMAL CLASSIFICATION NUMBER |
| Classification number |
303.6250954 |
| Item number |
R1657 |
| 100 ## - MAIN ENTRY--PERSONAL NAME |
| Personal name |
Raman, Raghu |
| 245 #0 - TITLE STATEMENT |
| Title |
Everyman's war: strategy, security and terrorism in India |
| 260 ## - PUBLICATION, DISTRIBUTION, ETC. (IMPRINT) |
| Place of publication, distribution, etc |
Noida |
| Name of publisher, distributor, etc |
Random House Publishers India |
| Date of publication, distribution, etc |
2013 |
| 300 ## - PHYSICAL DESCRIPTION |
| Extent |
214 p. |
| 942 ## - ADDED ENTRY ELEMENTS (KOHA) |
| Item type |
Books |